| 000 | 01008nam a2200145Ia 4500 | ||
|---|---|---|---|
| 005 | 20260209120120.0 | ||
| 008 | 260209s9999||||xx |||||||||||||| ||und|| | ||
| 100 | _aVandana Arora | ||
| 245 | 0 | _aRole of security council in maintenance of international peace and security | |
| 260 |
_aChandigarhChandigarh _bPunjab University _c1996 |
||
| 300 | _a223 p. ; 25 cm. | ||
| 505 | _aContents 1. Introduction; 2. Maintenance of international peace and security evaluation of international arrangement; 3. Aims and objectives of United Nations; 4. Organisational setup United Nations organisation; 5. Security council organisation, powers and functions; 6. Security council: Role in United nation peacekeeping operations; 7. Conclusions and suggestions; Proposals for reforms; Bibliography. | ||
| 650 | _aInternational Courte of Justice International Security Council Maintenance of International Peace & Security United Nations - Aims & Objectives | ||
| 856 | _uhttps://dans.nls.ac.in/handle/123456789/1486 | ||
| 999 |
_c216658 _d216658 |
||